000
00324nam a22001337a 4500
008
230620b xxu||||| |||| 00| 0 eng d
020
_a
9966410082
082
_a
306
_b
AWO 1990
100
_c
Casper Odegi Awuondo
245
_a
LIfe in the Balance
260
_a
Kenya
_b
Acts Press
_c
1990
300
_a
XI,164p
942
_2
ddc
_c
BK
999
_c
1476
_d
1476